10 Random Country - Statistics

General Stats
  • This quiz has been taken 56 times
  • The average score is 8 of 10
Answers on the Map
Answers color-coded by a green-red scale on the quiz's map according to % correct below.
 
Answer Stats
Country % Correct
Albania
100%
Algeria
100%
Armenia
100%
Austria
100%
Bangladesh
100%
Belarus
100%
Belgium
100%
Bosnia and Herzegovina
100%
Chile
100%
China
100%
Democratic Republic of the Congo
100%
Egypt
100%
Germany
100%
Ghana
100%
Greece
100%
Haiti
100%
India
100%
Indonesia
100%
Iran
100%
Ireland
100%
Italy
100%
Jamaica
100%
Malta
100%
Mongolia
100%
Myanmar
100%
Nepal
100%
Netherlands
100%
New Zealand
100%
Nigeria
100%
North Korea
100%
Philippines
100%
Qatar
100%
Romania
100%
Russia
100%
Saudi Arabia
100%
South Africa
100%
South Sudan
100%
Sudan
100%
Sweden
100%
Switzerland
100%
Syria
100%
Turkey
100%
Turkmenistan
100%
Uganda
100%
Ukraine
100%
United Arab Emirates
100%
United Kingdom
100%
United States
100%
Venezuela
100%
Vietnam
100%
Yemen
100%
Comoros
86%
Mali
86%
Chad
83%
Papua New Guinea
83%
Rwanda
83%
Malaysia
80%
Somalia
80%
Benin
75%
Honduras
75%
Mozambique
75%
Namibia
75%
Nicaragua
75%
Zambia
71%
Fiji
67%
Iraq
67%
Kenya
67%
Mexico
67%
Micronesia
67%
Morocco
67%
North Macedonia
67%
Peru
67%
South Korea
67%
Bhutan
60%
Cameroon
60%
Kyrgyzstan
60%
Cambodia
50%
Paraguay
50%
Togo
50%
Zimbabwe
50%
Kiribati
40%
Djibouti
33%
Ecuador
33%
Trinidad and Tobago
33%
Tunisia
33%
Uzbekistan
33%
Vanuatu
33%
Belize
25%
Antigua and Barbuda
0%
Bahamas
0%
Bahrain
0%
Central African Republic
0%
Ethiopia
0%
Grenada
0%
Israel
0%
Kuwait
0%
Nauru
0%
Niger
0%
Panama
0%
Saint Kitts and Nevis
0%
No matching quizzes found
Score Distribution
Percent of People with Each Score
Percentile by Number Answered
Your Score History
You have not taken this quiz